Random Countries and Capitals by flag - Africa - Statistics

General Stats
  • This quiz has been taken 8 times
  • The average score is 42 of 54
Answer Stats
Picture Answer % Correct
Algeria Algiers
100%
Angola Luanda
100%
Botswana Gaborone
100%
Egypt Cairo
100%
Eswatini Mbabane
100%
Kenya Nairobi
100%
Morocco Rabat
100%
Nigeria Abuja
100%
Rwanda Kigali
100%
Seychelles Victoria
100%
Somalia Mogadishu
100%
South Africa Pretoria
100%
Tunisia Tunis
100%
Uganda Kampala
100%
Zambia Lusaka
100%
Cape Verde Praia
80%
Central African Republic Bangui
80%
Chad N'Djamena
80%
Comoros Moroni
80%
Ethiopia Addis Ababa
80%
Ghana Accra
80%
Ivory Coast Yamoussoukro
80%
Lesotho Maseru
80%
Liberia Monrovia
80%
Libya Tripoli
80%
Malawi Lilongwe
80%
Namibia Windhoek
80%
Niger Niamey
80%
Sao Tome & Principe Sao Tome
80%
Senegal Dakar
80%
Sudan Khartoum
80%
Tanzania Dodoma
80%
Togo Lome
80%
Zimbabwe Harare
80%
Burkina Faso Ouagadougou
60%
Burundi Gitega
60%
Cameroon Yaounde
60%
Djibouti Djibouti
60%
D.R. Congo Kinshasa
60%
Equatorial Guinea Malabo
60%
Gabon Libreville
60%
Gambia Banjul
60%
Guinea-Bissau Bissau
60%
Guinea Conakry
60%
Madagascar Antananarivo
60%
Mauritania Nouakchott
60%
Mauritius Port Louis
60%
Mozambique Maputo
60%
Republic of the Congo Brazzaville
60%
Sierra Leone Freetown
60%
South Sudan Juba
60%
Benin Porto Novo
40%
Eritrea Asmara
40%
Mali Bamako
40%
No matching quizzes found
Score Distribution
Percent of People with Each Score
Percentile by Number Answered
Your Score History
You have not taken this quiz